00616nac a22001931u 4500010001600000020001500016020001500031082001900046090001500065100003400080245004400114260004400158300002900202500002000231650002800251942002100279999001500300952010700315 a 92015277 a0750607327 a024051423800a621.3892bC238 c4190d4190 aCapel, Vivian. 10aPublic address systems /cVivian Capel. aOxford ;aBoston :bFocal Press,c1992. a250 p. :bill. ;c24 cm. aIncludes index. 0aPublic address systems. cBBk621.3892C238 c4190d4190 00104070aMAINbMAINc1STd2007-08-26ePurchasel0o621.3892 CAPp000005236r2025-07-15 00:00:00yBB